| 000 | 00926nas a2200325 4500 | ||
|---|---|---|---|
| 001 | BR2012008156 | ||
| 003 | BR-BrBNA | ||
| 005 | 20231205121659.0 | ||
| 007 | ta | ||
| 008 | 230509b bl.|||p| |||| 00| 00por d | ||
| 040 |
_aBR-BrBNA _bpor _cBiblioteca Nacional de Agricultura |
||
| 041 | _a(Pt) | ||
| 072 | _aE71; E70 | ||
| 100 | 1 | _aBalbinot, C.B. | |
| 100 | 1 | _aCurz, T.A. | |
| 100 | 1 | _aPadilha Júnior, J.B. | |
| 100 | 1 | _aRossi, Júnior, P. | |
| 100 | 1 | _aSchuntzemberger, A.M.S. | |
| 245 | 1 | _aAnálise Conjuntural do mercado do boi gordo no Paraná | |
| 650 | _aECONOMIA | ||
| 650 | _aMERCADO NACIONAL | ||
| 650 | _aCARNE | ||
| 650 | _aPARANÁ | ||
| 650 | _aBOI | ||
| 650 | _aANÁLISE ECONÔMICA | ||
| 650 | _aPREÇO | ||
| 773 | 0 |
_tRevista do Produtor Rural (Brazil) _xISSN 1984-0004 _g((Sep-Oct 2011), v. 5(27) p. 24 _wBR2012008156 |
|
| 909 |
_a202311 _bLúcia _c55 _dLúcia Elande |
||
| 942 |
_2AGRIS _n0 _cANA |
||
| 999 |
_c224696 _d224696 |
||